Quizzes
Events
Quiz Creation
Community
Videos
Private Events
Remove Ads
Sign In
Join for FREE
Feedback
Dark Mode
Quiz Categories
Sports
Geography
Music
Movies
Television
Just For Fun
Miscellaneous
History
Literature
Language
Science
Gaming
Entertainment
Religion
Holiday
For Kids
Quiz Lab
Recent
Popular Today
Quiz Kudos Today
Editor Picks
Curator Picks
Quizzes by...
Day
Popularity
Type
Ratings
Length
Year
Community
Subscriptions
Recent Discussions
Orange Saloon
Badges
Playlists
Quests
Create
Leaderboards
Showdown
Live 5
Trivia Bingo
Activity
Puzzle Library
Sporcle Events
Private Events
Virtual Trivia
Globe League
Become a Host
Pub Owners
SporcleCon
Opinionation
Our Games
Videos
Blog
Mobile Apps
Partnerships
Remove Ads and Go Orange
Feedback
Geography
Country
Landmarks
City
State
Population
World
Capital
Continent
Flags
Europe
Africa
Asia
South America
North America
Oceania
Border
Canada
United Kingdom
Topography
United States
Geography
Country
Landmarks
City
State
Population
World
Capital
Continent
Flags
Europe
Africa
Asia
South America
North America
Oceania
Border
Canada
United Kingdom
Topography
United States
Random Quiz
Search Sporcle
×
Quiz Lab
Quiz Lab
Geography
Type in answers that appear in a list
Type in answers that appear in a list
Classic
Best Score? Go Orange.
Rand McNally Canada City Inset Maps Stats
Can you name the Rand McNally Road Atlas Canadian city inset maps?
By
Pengwn
6m
27 Questions
243 Plays
243 Plays
243 Plays
Comments
Comments
Give Quiz Kudos
Give Quiz Kudos
-
- Ratings
hide this ad
More Info
Replay
Link that replays current quiz
Next Quiz
Link to next quiz in quiz playlist
You Got
0%
They Got
Avg Score
70%
Avg Friend Score
Upgrade to see
Score Distribution
Jump to the score distribution portion of the page
Score
0/27
Timer
06:00
0
Plays Today
% Correct
Vancouver & Lower Mainland (with central Vancouver)
97.5%
Toronto, ON & Vicinity (with central Toronto)
97.5%
Calgary, AB
96.7%
Montréal, QC & Vicinity (with central Montréal)
96.7%
Edmonton, AB
95.9%
Winnipeg, MB
92.2%
Québec, QC
91.4%
Halifax/Dartmouth, NS
90.5%
Ottawa, ON
90.1%
Victoria, BC
86.8%
Saskatoon, SK
85.6%
Regina, SK
84.8%
St. John's/Mount Pearl, NL
83.1%
London, ON
75.3%
% Correct
Hamilton, ON
73.3%
Thunder Bay, ON
70%
Fredericton, NB
62.1%
Charlottetown, PEI
61.7%
Sudbury, ON
53.1%
Kitchener/Waterloo, ON
51%
Sherbrooke, QC
46.1%
Saint John, NB
45.7%
Kingston, ON
45.7%
Trois-Rivières, QC
41.6%
St. Catharines, ON
34.6%
Brandon, MB
33.3%
Saguenay, QC
25.1%
Quiz Playlist
Details
Report
Send in Message
Add To Playlist
More Info:
Idea copied directly from RyanUR's two RM US city inset quizzes, whose forgiveness is begged. Does not include regions or national parks
Classic:
Type in answers that appear in a list
Quiz Source
Last Updated: Feb 16, 2017
Quiz Scoreboard
CHALLENGE
Sign Up to Join the Scoreboard
Show All
Scores
Hide
Comments
May contain spoilers
Recently Published
Presidents Visiting Landmarks
by Hejman
History
7m
An Introduction to Baseball
by treessimontrees
Sports
5m
Movies - When Are They Set?
by FPL_Elf
Movies
5m
More to Explore
Quiz From the Vault
Featured Blog Post
Where Did the Easter Bunny Come From?
hide this ad
You Might Also Like...
Tags
This quiz does not have any tags.
Today's Top Quizzes in Geography
Browse Geography
hide this ad
Top Contributed Quizzes in Geography
1
Countries of the World - No Outlines Minefield
2
Top 25 Cities of France on a map
3
Any capital of a 'B' country per Continent
4
Closest Countries to UK A-Z
5
Any capital of a 'C' country per Continent
6
One Thing in Common: United Kingdom
7
Any capital of a 'D' country per Continent
8
Find the Provinces of Canada - No Outlines Minefield
9
5-to-1: US Geography No Hints
10
Any capital of an 'E' country per Continent
Explore More
Trending Topics
Harry Potter
Kpop
Crossword
NBA
Anime
Marvel
Disney
NFL
Soccer
Pokémon
Country
Puzzle
WWE
The Office
Song
hide this ad
More By:
Pengwn
Quiz
Plays
Rating
Category
Featured
Created
60 Second Blitz: Element Symbols
167,888
3.57
Science
Feb 13, 2010
Characters in Narnia book 1
2,619
4.67
Literature
Oct 12, 2010
Presidents by Animaniacs description
775
4.27
Entertainment
Nov 12, 2010
Neighbors of South Sudan Minefield
748
4.00
Geography
Jul 9, 2011
Final Fantasy I Enemies
633
4.67
Gaming
Jul 17, 2010
Go to Creator's Profile
Score Distribution
Quiz Creator Spotlight
Pengwn
Follow
Send a Message
Quizzes Created
-
Created Quiz Play Count
-
More By This Creator
Popular Quizzes Today
1
Find the US States - No Outlines Minefield
2
Find the Countries of Europe - No Outlines Minefield
3
The Countries of the World
4
Find the US States
5
Popular People in 1961
6
US States
7
Risky Map Clicking: Biggest States A-Z
8
1-10 Letter E Words III
More Geography Quizzes
Closest Country By Letter to Kyrgyzstan
Quiz Lab
Trending Quizzes
Risky Map Clicking: Least Populous States A-Z
1-10 Letter G Words
1-10 Letter F Words
Risky Map Clicking: Next State Alphabetically
Risky Map Clicking: Biggest States A-Z
Recently Updated
Leaping Animals
pecheneg
Reality TV Shows (A-Z)
bhenderson79
Rickey Henderson's Hall of Fame Teammates
pecheneg
Champions League XIs: Arsenal
pecheneg
Quick Pick: Celebrities in WWE's Hall of Fame
aduchscher
A-Z Keypad Blitz II
pecheneg
Multiple Oscar Actors
pecheneg
Mystery Phrase Blitz: Oscar 'Best Actors'
pecheneg
F. Scott Fitzgerald Novels
LTH
Pick 3 Villains
ddd62291
Trending Topics
Crossword
Harry Potter
NBA
Kpop
Disney
Marvel
Anime
The Office
Country
Song
Pokémon
Soccer
WWE
Puzzle
NFL
Your Account Isn't Verified!
In order to create a playlist on Sporcle, you need to verify the email address you used during registration. Go to your
Sporcle Settings
to finish the process.
Report this User
Report this user for behavior that violates our
Community Guidelines
.
Details:
Send Report
Go to the Sporcle.com Mobile Site →
Comments